000 00584nam a2200193 i 4500
001 bg
245 0 _aFizyko-mechaniczne badania usieciowanego chemicznie polipropylenu /
_c[Aut.] K[rzysztof] Kamert i in.
260 _aWarszawa :
_b[Instytut Podstawowych Problemów Techniki PAN],
_c1980.
300 _as. 46 :
_brys., tab.
490 1 _aPrace IPPT ;
_vNr 20
504 _a[Zawiera bibliogr. s. 17].
700 1 _aKAMERT, Krzysztof.
830 _aPrace IPPT ;
040 _cBPK
041 _apol
080 _a678.7
942 _cKS
008 s pl f |000 0 pol
999 _c20838
_d20838
856 _uhttp://koha.tu.koszalin.pl/cgi-bin/koha/opac-detail.pl?biblionumber=20838
_yKatalog online BPK